| 000 | 02088nam2a2200349 4500 | ||
|---|---|---|---|
| 001 | RU\NLR\BIBL_A\022829135 | ||
| 005 | 20260623152510.0 | ||
| 010 |
_a978-5-902123-95-8 _bт. 1 _9500 |
||
| 035 | _a(NLR Aleph) 022829135 | ||
| 090 |
_a13728568 _c13728568 |
||
| 100 | _a20260605d2026 k y0rusy50 ca | ||
| 101 | 0 | _arus | |
| 102 | _aRU | ||
| 105 | _aac j 011yy | ||
| 200 | 1 |
_aАнатомия и гистология нервной системы _f[Сухоруков Владимир Сергеевич - д-р мед. наук, проф., Агапов Павел Алексеевич - канд. биол. наук, Ануфриев Павел Лазаревич - канд. мед. наук и др.] _gпод редакцией В. С. Сухорукова |
|
| 210 | _d2026 (печ. 2025) | ||
| 215 |
_a373 с. _cил., цв. ил., портр. |
||
| 300 | _aНа обл. част. загл. тома: Анатомия и гистология | ||
| 300 | _aАвт. указаны на 3-4-й с. | ||
| 320 | _aПредм. указ.: с. 364-371 | ||
| 320 | _aОбъед. предм. указ. в ссылке QR-кода: с. 372 | ||
| 461 | 0 |
_1001RU\NLR\BIBL_A\022829127 _12001#$aРуководство по неврологии$eв восьми томах$fпод общей редакцией академиков РАН М. А. Пирадова, С. Н. Иллариошкина$vТ. 1 |
|
| 512 | 1 | _aАнатомия и гистология | |
| 606 | 1 |
_aНервная система _xАнатомия _jРуководства, пособия и т.п _2nlr_sh1 _2nlr_sh2 _3RU\NLR\AUTH\6642924 |
|
| 606 | 1 |
_aНервная система _xГистология _jРуководства, пособия и т.п _2nlr_sh1 _2nlr_sh2 _3RU\NLR\AUTH\66302731 |
|
| 701 | 1 |
_aСухоруков _bВ. С. _gВладимир Сергеевич |
|
| 701 | 1 |
_aАгапов _bП. А. _gПавел Алексеевич |
|
| 701 | 1 |
_aАнуфриев _bП. Л. _gПавел Лазаревич |
|
| 942 | _cBOOK | ||
| 980 | _aNB | ||